000
00333nam a2200145Ia 4500
003
OSt
005
20231221060329.0
008
170524s9999 xx 000 0 und d
020
_a
9788171324293
040
_c
IIMT UNIVERSITY
100
_a
MENAN- PK
245
0
_a
JOURNALISTIC ETHICS
260
_b
POINTER : JAIPUR
942
_2
ddc
_c
01
999
_c
9034
_d
9034